| 000 | 00737nam a2200241Ia 4500 | ||
|---|---|---|---|
| 003 | GCL | ||
| 008 | 140319s9999 xx 000 0 ara d | ||
| 040 |
_aGCL / _cGCL |
||
| 082 | 0 | 4 |
_a070.48347 _bا ر |
| 100 | 1 | _aابراهيم عبده | |
| 245 | 1 | 0 |
_aروز اليوسف سيرة وصحيفة / _cابراهيم عبده |
| 260 |
_aالقاهرة : _bمؤسسة سجل العرب |
||
| 300 |
_a319 ص ؛ _c24 سم |
||
| 490 |
_aسلسلة دراسات فى الصحافة المصرية _v0 |
||
| 650 | 0 | 4 | _aالمرأة |
| 650 | 0 | 4 | _aالتراجم |
| 650 | 0 | 4 | _aالصحافة |
| 650 | 0 | 4 | _aالاعلام |
| 650 | 0 | 4 | _aحرية الصحافة |
| 650 | 0 | 4 | _aالصحف |
| 650 | 0 | 4 | _aروزاليوسف |
| 942 |
_2ddc _cBK |
||
| 999 |
_c35735 _d35735 |
||